000
00320nam a2200097Ia 4500
005
20250424112924.0
008
250424s9999 xx 000 0 und d
300
_a
355 p. : ill. ; 23 cm.
650
_a
International trade--Periodicals. Commerce--Periodicals. International economic relations--Periodicals.
942
_c
SR
999
_c
37898
_d
37898